| 000 | 00757nam a2200205 i 4500 | ||
|---|---|---|---|
| 001 | 152601 | ||
| 003 | ES-MaACL | ||
| 005 | 20230906204818.0 | ||
| 008 | 051014s1878 gw | |||||||| ||eng d | ||
| 040 |
_aCAM _bspa _cCAM |
||
| 080 | _a821.111-31"18" | ||
| 100 | 1 |
_aBraddon, M. E. ( _d1837-1915) _9126141 |
|
| 245 | 1 | 3 |
_aAn open verdict _b: a novel: in three volumes / _cby M. E. Braddon. |
| 260 |
_aLeipzig : _bBernhard Tauchnitz, _c1878. |
||
| 300 |
_a3 v. (280; 271; 279 p.) ; _c17 cm. |
||
| 490 | 1 |
_aColection of British Authors ; _v1727; 1728; 1729 |
|
| 830 | 0 |
_aColection of British Authors ; _v1727; 1728; 1729 _9221345 |
|
| 852 |
_aES-MaACL _jG-11379 _z-- Enc. hol., conservando la enc. original _z-- Enc. 3 t. en 1 v. |
||
| 999 |
_c152601 _d152601 |
||